Quizzes
Events
Quiz Creation
Community
Videos
Private Events
Remove Ads
Sign In
Join for FREE
Feedback
Dark Mode
Quiz Categories
Sports
Geography
Music
Movies
Television
Just For Fun
Miscellaneous
History
Literature
Language
Science
Gaming
Entertainment
Religion
Holiday
For Kids
Quiz Lab
Recent
Popular Today
Quiz Kudos Today
Editor Picks
Curator Picks
Quizzes by...
Day
Popularity
Type
Ratings
Length
Year
Community
Subscriptions
Recent Discussions
Orange Saloon
Badges
Playlists
Quests
Create
Leaderboards
Showdown
Live 5
Trivia Bingo
Activity
Puzzle Library
Sporcle Events
Private Events
Virtual Trivia
Globe League
Become a Host
Pub Owners
SporcleCon
Opinionation
Our Games
Videos
Blog
Mobile Apps
Partnerships
Remove Ads and Go Orange
Feedback
Sports
Athletes
MLB
NBA
NHL
NFL
Soccer
Sports Teams
WWE
NCAA
Football
Premier League
Basketball
Baseball
Hockey
Golf
Tennis
Cricket
Rugby
Auto Racing
Olympics
World Cup
Sports
Athletes
MLB
NBA
NHL
NFL
Soccer
Sports Teams
WWE
NCAA
Football
Premier League
Basketball
Baseball
Hockey
Golf
Tennis
Cricket
Rugby
Auto Racing
Olympics
World Cup
Random Quiz
Search Sporcle
×
Quiz Lab
Quiz Lab
Sports
Wrestled
Type in answers that appear in a list
Type in answers that appear in a list
Classic
Best Score? Go Orange.
Longest Wrestlemania Matches Stats
Can you name the Competitors who wrestled in Wrestlemania Matches that last 20 minutes or longer?
By
ajgallo14
14m
103 Questions
183 Plays
183 Plays
183 Plays
Comments
Comments
Give Quiz Kudos
Give Quiz Kudos
-
- Ratings
hide this ad
More Info
Replay
Link that replays current quiz
Next Quiz
Link to next quiz in quiz playlist
You Got
0%
They Got
Avg Score
91%
Avg Friend Score
Upgrade to see
Score Distribution
Jump to the score distribution portion of the page
Score
0/103
Timer
14:00
0
Plays Today
Hint
Answer
% Correct
Wrestlemania 2000 -
Fatal-
4-
Way Elimination Match for the WWF World Heavyweight Title -
36:28
Triple H
97.8%
Wrestlemania XXVIII -
Hell in a Cell Match -
30:50
Triple H
97.8%
Wrestlemania XXVIII -
Hell in a Cell Match -
30:50
The Undertaker
97.8%
Wrestlemania XXV -
Singles Match -
30:41
The Undertaker
97.8%
Wrestlemania 32 -
Hell in a Cell -
30:02
The Undertaker
97.8%
Wrestlemania XXVII -
No Holds Barred -
29:22
Triple H
97.8%
Wrestlemania XXVII -
No Holds Barred -
29:22
The Undertaker
97.8%
Wrestlemania 32 -
WWE World Heavyweight Championship Match -
27:10
Triple H
97.8%
Wrestlemania XXX -
Winner Inserted into the WWE World Heavyweight Championship Match -
25:57
Triple H
97.8%
Wrestlemania 33 -
Unsanctioned Match -
25:24
Triple H
97.8%
Wrestlemania XXX -
Singles Match -
25:10
The Undertaker
97.8%
Wrestlemania XX -
Triple Threat Match for the World Heavyweight Championship -
24:47
Triple H
97.8%
Wrestlmania XXVI -
No Countout, No Disqualification 'Streak vs Career' Match -
23:59
The Undertaker
97.8%
Wretlemania 29 -
No Holds Barred Match -
23:58
Triple H
97.8%
Wrestlemania XXIV -
World Heavyweight Championship Match -
23:50
The Undertaker
97.8%
Wrestlemania XXV -
WWE Championship Match -
23:33
Triple H
97.8%
Wrestlemania 33 -
No Holds Barred Match -
22:58
The Undertaker
97.8%
Wrestlemania 29 -
Singles Match -
22:07
The Undertaker
97.8%
Wrestlmania 22 -
WWE Championship Match -
22:02
Triple H
97.8%
Wrestlemania 21 -
World Heavyweight Championship Match -
21:34
Triple H
97.8%
Wrestlemania 13 -
No Disqualification WWF World Heavyweight Championship Match -
21:19
The Undertaker
97.8%
Wrestlemania XII -
Ironman Match for the WWF World Heavyweight Title -
61:25
Shawn Michaels
97.3%
Wrestlemania XXVIII -
Hell in a Cell Match -
30:50
Shawn Michaels
97.3%
Wrestlemania XXV -
Singles Match -
30:41
Shawn Michaels
97.3%
Wrestlemania 23 -
WWE Championship Match -
28:21
Shawn Michaels
97.3%
Wrestlemania 21 -
Singles Match -
27:25
Shawn Michaels
97.3%
Wrestlemania XX -
Triple Threat Match for the World Heavyweight Championship -
24:47
Shawn Michaels
97.3%
Wrestlmania XXVI -
No Countout, No Disqualification 'Streak vs Career' Match -
23:59
Shawn Michaels
97.3%
Wrestlemania XIX -
Singles Match -
22:23
Shawn Michaels
97.3%
Wrestlemania 11 -
WWF World Heavyweight Title Match -
20:35
Shawn Michaels
97.3%
Wrestlemania XXIV -
Career Threatening Match -
20:23
Shawn Michaels
97.3%
Wrestlemania XIV -
WWF World Heavyweight Title Match -
20:02
Shawn Michaels
97.3%
Wrestlemania 2000 -
Fatal-
4-
Way Elimination Match for the WWF World Heavyweight Title -
36:28
The Rock
96.7%
Wrestlemania XXVIII -
Singles Match -
30:33
John Cena
96.7%
Wrestlemania XXVIII -
Singles Match -
30:33
The Rock
96.7%
Hint
Answer
% Correct
Wrestlemania 23 -
WWE Championship Match -
28:21
John Cena
96.7%
Wrestlemania X-
Seven -
No Disqualification Match for the WWF World Heavyweight Title -
28:06
The Rock
96.7%
Wrestlemania 29 -
WWE Championship Match -
23:59
The Rock
96.7%
Wrestlemania 29 -
WWE Championship Match -
23:59
John Cena
96.7%
Wrestlmania 22 -
WWE Championship Match -
22:02
John Cena
96.7%
Wrestlemania X-
Seven -
No Disqualification Match for the WWF World Heavyweight Title -
28:06
Stone Cold Steve Austin
95.6%
Wrestlmania 13 -
Submission Match -
22:05
Stone Cold Steve Austin
95.6%
Wrestlemania XIV -
WWF World Heavyweight Title Match -
20:02
Stone Cold Steve Austin
95.6%
Wrestlemania XII -
Ironman Match for the WWF World Heavyweight Title -
61:25
Bret Hart
95.1%
Wrestlemania 32 -
Hell in a Cell -
30:02
Shane McMahon
95.1%
Wrestlemania 32 -
WWE World Heavyweight Championship Match -
27:10
Roman Reigns
95.1%
Wrestlemania XXX -
Singles Match -
25:10
Brock Lesnar
95.1%
Wretlemania 29 -
No Holds Barred Match -
23:58
Brock Lesnar
95.1%
Wrestlemania 33 -
No Holds Barred Match -
22:58
Roman Reigns
95.1%
Wrestlmania 13 -
Submission Match -
22:05
Bret Hart
95.1%
Wrestlemania XIX -
WWE Championship Match -
21:04
Brock Lesnar
95.1%
Wrestlemania 33 -
Singles Match -
20:31
Shane McMahon
95.1%
Wrestlemania X -
Singles Match -
20:21
Bret Hart
95.1%
Wrestlemania 21 -
Singles Match -
27:25
Kurt Angle
94.5%
Wrestlemania XXV -
WWE Championship Match -
23:33
Randy Orton
94.5%
Wrestlemania XXX -
Triple Threat Match for WWE World Heavyweight Championship -
23:19
Randy Orton
94.5%
Wrestlemania VI -
Title vs Title Match -
22:51
Hulk Hogan
94.5%
Wrestlemania XX -
WWE Championship Match -
21:32
Kurt Angle
94.5%
Wrestlemania XIX -
WWE Championship Match -
21:04
Kurt Angle
94.5%
Wrestlemania XIX -
Street Fight -
20:48
Hulk Hogan
94.5%
Wrestlemania VII -
WWF World Heavyweight Title Match -
20:26
Hulk Hogan
94.5%
Wrestlemania XXIV -
World Heavyweight Championship Match -
23:50
Edge
94%
Wrestlemania 2000 -
Triangle Ladder Match for the WWF Tag Team Championships -
22:29
Edge
94%
Wrestlemania XIX -
Street Fight -
20:48
Vince McMahon
94%
Wrestlemania XXX -
Triple Threat Match for WWE World Heavyweight Championship -
23:19
Batista
92.9%
Wrestlemania 21 -
World Heavyweight Championship Match -
21:34
Batista
92.9%
Wrestlemania X -
Singles Match -
20:21
Owen Hart
92.9%
Wrestlemania 33 -
Unsanctioned Match -
25:24
Seth Rollins
92.3%
Wrestlemania XXVI -
Money in the Bank Ladder Match -
22:43
Christian
92.3%
Wrestlemania 2000 -
Triangle Ladder Match for the WWF Tag Team Championships -
22:29
Christian
92.3%
Hint
Answer
% Correct
Wrestlemania XXIV -
Career Threatening Match -
20:23
Ric Flair
92.3%
Wrestlemania 2000 -
Fatal-
4-
Way Elimination Match for the WWF World Heavyweight Title -
36:28
Mick Foley
91.8%
Wrestlemania XXX -
Winner Inserted into the WWE World Heavyweight Championship Match -
25:57
Daniel Bryan
91.8%
Wrestlemania XXX -
Triple Threat Match for WWE World Heavyweight Championship -
23:19
Daniel Bryan
91.8%
Wrestlemania XXVI -
Money in the Bank Ladder Match -
22:43
Matt Hardy
91.8%
Wrestlemania 2000 -
Triangle Ladder Match for the WWF Tag Team Championships -
22:29
Jeff Hardy
91.8%
Wrestlemania 2000 -
Triangle Ladder Match for the WWF Tag Team Championships -
22:29
Matt Hardy
91.8%
Wrestlemania 2000 -
Fatal-
4-
Way Elimination Match for the WWF World Heavyweight Title -
36:28
Big Show
91.3%
Wrestlemania VI -
Title vs Title Match -
22:51
The Ultimate Warrior
90.7%
Wrestlemania 2000 -
Triangle Ladder Match for the WWF Tag Team Championships -
22:29
Bubba Ray Dudley
90.7%
Wrestlemania 2000 -
Triangle Ladder Match for the WWF Tag Team Championships -
22:29
D-Von Dudley
90.7%
Wrestlemania VII -
Retirement Match -
20:48
The Ultimate Warrior
90.7%
Wrestlemania XX -
Triple Threat Match for the World Heavyweight Championship -
24:47
Chris Benoit
89.1%
Wrestlemania XIX -
Singles Match -
22:23
Chris Jericho
88.5%
Wrestlemania XXVIII -
WWE Championship Match -
22:19
CM Punk
88.5%
Wrestlemania XXVIII -
WWE Championship Match -
22:19
Chris Jericho
88.5%
Wrestlemania 29 -
Singles Match -
22:07
CM Punk
88.5%
Wrestlemania XX -
WWE Championship Match -
21:32
Eddie Guerrero
83.1%
Wrestlemania 33 -
Singles Match -
20:31
AJ Styles
82.5%
Wrestlemania XIV -
WWF World Heavyweight Title Match -
20:02
Iron Mike Tyson
82.5%
Wrestlemania VII -
Retirement Match -
20:48
Randy Savage
82%
Wrestlemania XXVI -
Money in the Bank Ladder Match -
22:43
Kane
80.3%
Wrestlemania 11 -
WWF World Heavyweight Title Match -
20:35
Diesel
78.7%
Wrestlemania 13 -
No Disqualification WWF World Heavyweight Championship Match -
21:19
Sycho Sid
76.5%
Wrestlmania 13 -
Submission Match -
22:05
Ken Shamrock
71.6%
Wrestlemania XXVI -
Money in the Bank Ladder Match -
22:43
Jack Swagger
67.8%
Wrestlemania VII -
WWF World Heavyweight Title Match -
20:26
Sgt. Slaughter
67.8%
Wrestlemania XXVI -
Money in the Bank Ladder Match -
22:43
Shelton Benjamin
65%
Wrestlemania XXVI -
Money in the Bank Ladder Match -
22:43
Kofi Kingston
60.7%
Wrestlemania XXVI -
Money in the Bank Ladder Match -
22:43
Montel Vontavious Porter
60.1%
Wrestlemania XXVI -
Money in the Bank Ladder Match -
22:43
Evan Bourne
52.5%
Wrestlemania XXVI -
Money in the Bank Ladder Match -
22:43
Dolph Ziggler
50.8%
Wrestlemania XXVI -
Money in the Bank Ladder Match -
22:43
Drew McIntyre
42.1%
Quiz Playlist
Details
Report
Send in Message
Add To Playlist
More Info:
Match times according to profightdb.
Classic:
Type in answers that appear in a list
Last Updated: May 26, 2017
Quiz Scoreboard
CHALLENGE
Sign Up to Join the Scoreboard
Show All
Scores
Hide
Comments
May contain spoilers
Recently Published
NBA Finals Game Top Scorers (2010s)
by flibbidy
Sports
5m
Guess the 'R' Things in 3 Words
by MSUKent
Miscellaneous
3m
Actor to Badly Drawn Movie III
by MoMosMoProblems
Movies
5m
More to Explore
Quiz From the Vault
Featured Blog Post
Where Does Lost Luggage Go?
hide this ad
You Might Also Like...
Tags
competitor
last
Longer
longest
minute
Wrestled
Wrestlemania
Today's Top Quizzes in Sports
Browse Sports
hide this ad
Today's Top Quizzes in Wrestled
Browse Wrestled
Top Contributed Quizzes in Sports
1
Les joueurs à 100 buts en Ligue 1 Uber Eats
2
2022 World Cup Stars
3
2024 March Madness Bracket
4
Millionaire: NBA Finals Edition
5
Players with Multiple 50 Home Run Seasons
6
Nickname Match: Athletes VI
7
Criteria MLB: Left Handed Sluggers
8
Iconic Moments in Football - Multiple Choice
9
NFL MVPs ordered
10
First NBA MVP by Team
Explore More
Trending Topics
Harry Potter
Anime
Marvel
Disney
Kpop
Crossword
NBA
NFL
Pokémon
Puzzle
Country
Soccer
The Office
Song
WWE
hide this ad
More By:
ajgallo14
Quiz
Plays
Rating
Category
Featured
Created
WWE PPV Best and Worst 2017
1,259
5.00
Sports
Apr 23, 2017
Wrestling Quotes
225
3.00
Sports
Apr 25, 2017
Longest Wrestlemania Matches
183
4.00
Sports
Apr 23, 2017
WWE/WWF/WWWF Champions by First Win
160
5.00
Sports
Apr 20, 2017
Shortest Wrestlemania Matches
125
2.67
Sports
Apr 24, 2017
Go to Creator's Profile
Score Distribution
Quiz Creator Spotlight
ajgallo14
Follow
Send a Message
Quizzes Created
-
Created Quiz Play Count
-
More By This Creator
Popular Quizzes Today
1
Find the US States - No Outlines Minefield
2
Find the US States
3
The Countries of the World
4
10 Largest US States in Order
5
Find the Countries of Europe - No Outlines Minefield
6
US States
7
Guess the 'R' Things in 3 Words
8
NBA Finals Game Top Scorers (2010s)
More Sports Quizzes
F1 McLaren Engines
Quiz Lab
Trending Quizzes
First Name TV: Leading Men
Match the Book to the Film II
First Name TV: Leading Women Drama
3-Word Movies in 1 Word II
Match the Book to the Film VI
Recently Updated
Women's Final Four Teams by Year
bhenderson79
Presidents Quartet II
eogle
Anything But Clue(do)
eogle
Anything But Oceanian Capitals
eogle
Anything But 7
eogle
Anything But Thing
eogle
Word Ladder: February 29
pecheneg
Song Title Questions
pecheneg
Women's NCAA Tournament #1 Seeds
pecheneg
Celebrity Mug Shots
pecheneg
Trending Topics
Disney
NBA
Kpop
Anime
Crossword
Harry Potter
Marvel
Pokémon
Country
WWE
Song
Soccer
The Office
NFL
Puzzle
Your Account Isn't Verified!
In order to create a playlist on Sporcle, you need to verify the email address you used during registration. Go to your
Sporcle Settings
to finish the process.
Report this User
Report this user for behavior that violates our
Community Guidelines
.
Details:
Send Report
Go to the Sporcle.com Mobile Site →
Comments